[Event "Olot Volcans op 3rd"]
[Site "Olot"]
[Date "2012.06.16"]
[Round "7"]
[White "Sanchez, Marina"]
[Black "Caballero Ravelo, Jany"]
[Result "0-1"]
[WhiteElo "1700"]
[BlackElo "1700"]
[PlyCount "35"]
[EventDate "2012.05.26"]
[EventType "swiss"]
[EventRounds "8"]
[EventCountry "ESP"]
[SourceTitle "CBM 148 Extra"]
[Source "ChessBase"]
[SourceDate "2012.06.22"]
[SourceVersion "1"]
[SourceVersionDate "2012.06.22"]
[SourceQuality "1"]

1. e4 e5 2. Bc4 Nc6 3. Qh5 g6 4. Qf3 Nf6 5. Nc3 Nd4 6. Qd1 d6 7. d3 Be7 8. Be3 0-0 9. Nf3 Bg4 10. Bh6 Qd7 11. Bxf8 Bxf8 12. Nd5 Nxd5 13. Bxd5 c6 14. h3 cxd5 15. hxg4 Qxg4 16. Rh4 Nxf3+ 17. Qxf3 Qxh4 18. g3 0-1